000 00429nam a2200169 a 4500
001 0000-9243
003 ELIB.Books
008 110520 1943
035 _a(ELIB.Books)0000-9395
082 _a234.2
_bSma
100 _aSmart, James D.
245 _aWhat a man can believe
260 _bPhiladelphia; The Westminster Press
_c1943
650 _aSalvation
942 _2ddc
_cBK
998 _cbat
_e2011-05-20
999 _c9243
_d9243